| 000 | 00840nam a22002177a 4500 | ||
|---|---|---|---|
| 003 | BD-DhUL | ||
| 005 | 20161027114918.0 | ||
| 008 | 161027s1997 bg ||||| |||| 00| 0 eng d | ||
| 020 | _a9789844014220 | ||
| 040 |
_aBD-DhUL _cBD-DhUL |
||
| 082 |
_a901.9 _bBEM |
||
| 100 | 1 | _aবেগম, নূরুন নাহার | |
| 245 | 1 |
_aমানুষের ইতিহাস : _bআধুনিক যুগ : আধুনিক ইউরোপের ইতিহাস, ১৭৯৮-১৯১৯ / _cনূরুন নাহার বেগম |
|
| 250 | _aবর্ধিত ২য় | ||
| 260 |
_aঢাকা : _bআগামী, _c1997. |
||
| 300 |
_a২১৬ পৃ. ; _c২২ সেমি. |
||
| 365 |
_aBDT _b250.00 |
||
| 650 | 0 | _aইতিহাস - দর্শন | |
| 650 | 0 |
_aHistory - _xPhilophy |
|
| 942 |
_2ddc _cBK |
||
| 999 |
_c116098 _d116098 |
||